01126nam a2200229 i 4500001000700000003000900007005001700016008004100033040002600074080002000100080001900120100004900139245021100188260009000399300002200489530003500511650003500546650003000581852006500611852013100676856008900807163554ES-MaACL20250906063132.0951113s1876 sp |||| | spa d aAS bspa cCCPB | SIC a342.365(460.18) a34(460)"10/14"1 aRíos y Ríos, Ángel de los, d1823-189910aNoticia histórica de las behetrías, primitivas libertades castellanasb: con una disgresión sobre su posterior y también anticuada forma de Fueros Vascongados / cpor Ángel de los Ríos y Ríos. aMadrid : b[s.n.], c1876 (fImp. y Fundición de la Viuda e hijos de J.A. García) a161 p. ; c23 cm. aDisponible en formato digital. 4aBehetrías-zCastilla (Reino)04aFueros-zCastilla (Reino) aES-MaACLjFol-Laf-376 z- rust. z. - Legado M. de la Fuente aES-MaACLjT-206-F-8 z- enc. hol. z. - Dedic. ms. del autor a la Biblioteca del Ateneo de Madrid z- Enc. en un vol. facticio uhttp://bdh-rd.bne.es/viewer.vm?id=0000083951&page=1 zBiblioteca Digital Hispánica